Análisis de discurso: principios y procedimientos
Guardat en:
| Autor principal: | |
|---|---|
| Format: | Llibre |
| Idioma: | espanyol |
| Publicat: |
Santiago
LOM
2012
|
| Edició: | 1a. ed |
| Col·lecció: | Comunicación y Periodismo. Ciencias Humanas
|
| Matèries: | |
| Etiquetes: |
Afegir etiqueta
Sense etiquetes, Sigues el primer a etiquetar aquest registre!
|
MARC
| LEADER | 00000cam a2200000 a 4500 | ||
|---|---|---|---|
| 001 | UCF2416 | ||
| 003 | CL-VaPUC | ||
| 008 | 120817e20120000CL |||||||||||||||||spa|d | ||
| 020 | |a 9789560003409 | ||
| 082 | 0 | 4 | |a 401.41 |b ORL |2 21 |
| 100 | |a Orlandi, Eni de Lourdes Puccinelli |e autora |9 566097 | ||
| 245 | 1 | 0 | |a Análisis de discurso: principios y procedimientos |
| 250 | |a 1a. ed | ||
| 300 | |a 106 p | ||
| 942 | |c BK | ||
| 945 | |d 20120817 00:00:00 |a dcastane | ||
| 260 | |a Santiago |b LOM |c 2012 | ||
| 650 | 0 | |a Análisis del discurso |9 256696 | |
| 650 | 0 | |a Lingüística |9 265068 | |
| 583 | |a last modification |c 20140324 10:09:23 |k Rodrigo Vera | ||
| 490 | 0 | |a Comunicación y Periodismo. Ciencias Humanas | |
| 999 | |c 348981 |d 348979 | ||
| 952 | |0 0 |1 0 |4 0 |6 401_410000000000000_ORL_2012 |7 0 |8 A |9 451345 |a BIBCUR |b BIBCUR |d 2019-11-22 |i 4887611 |o 401.41 ORL 2012 |p 4887611 |r 2025-04-22 |w 2019-11-22 |y BK |k PER | ||
| 952 | |0 0 |1 0 |3 erb |4 0 |6 401_410000000000000_ORL_2012 |7 0 |8 A |9 451346 |a BIBHIS |b BIBHIS |i 5064708 |o 401.41 ORL 2012 |p 5064708 |r 2025-01-20 |w 2019-11-22 |y BK |z Catalogado en:20140331 |k HIS | ||